000 00362 a2200157 4500
005 20250614082931.0
020 _a0-07-245584-5
082 _a650 NIC
100 _aNICKELS, G. W
245 _aUnderstanding Business
250 _a6th Ed.
260 _aBoston
_bMcGraw-Hill Irwin
_c2002
300 _a865p.
_c26cm
700 _aJames M. McHugh
942 _2ddc
_cBKS
999 _c4056
_d4056